00728nam a2200241 a 4500001001300000003000900013005001700022008004100039020000800080082001500088100002100103245007500124260004400199300000900243500003500252505001700287650002200304700002100326902000800347942000700355952011100362999001300473nice12345678IN_TiNIC20260116011336.0050524s1962 boma grp 000 0 eng  ac000a269.2bOSB aOsborn, Merton B aFrom Darkness to Lightb Twenty Testimonies to the Light of the Gospel aBombaybGospel Literature Servicec1962 a158p aincludes index and biblioraphy2 aBibliography aEvangelistic Work1 aOsborn, Merton B bSRS cBK 001040708StackRoom-aHMIbHMId2005-05-24g0.00l0o269.2 OSBp03846r2005-05-24v0.00w2005-05-24yBK c680d680